000 00315nam a22001337a 4500
005 20180321123431.0
008 160519b xxu||||| |||| 00| 0 eng d
041 _aeng
082 _b3249
_a338.5024658
100 _aMithani/D.M. Dr.
_9799
245 _aManagerial Economics
650 _aManagement
_9241
942 _cBK
999 _c1103
_d1103